| 000 | 00476nam a2200169 4500 | ||
|---|---|---|---|
| 001 | 121917 | ||
| 003 | ES-MaACL | ||
| 005 | 20230906191850.0 | ||
| 007 | t| | ||
| 008 | 070214s1973 sp r ||||1| cat d | ||
| 100 | 1 |
_aPoblet, Josep María. _992690 |
|
| 245 | 1 | 0 |
_aJosep Anselm Clave i la seva época _b: (1824-1874) / _cJosep M. Poblet. |
| 250 | _a1ª ed. | ||
| 260 |
_aBarcelona : _bDopesa, _c1973. |
||
| 300 |
_a317 p. ; _c20 cm. |
||
| 852 |
_aES-MaACL _jC-55285 _bR.87810 |
||
| 999 |
_c121917 _d121917 |
||